000
00312nam a2200133Ia 4500
008
231017s9999 xx 000 0 und d
082
_a
624.257
082
_b
ACI
245
0
_a
Analysis and design of reinforced concrete bridge structures
245
0
_c
ACI
260
_b
ACI
300
_c
30cm
942
_c
REP
999
_c
605709
_d
605709